000 00550nam a22001817a 4500
999 _c180048
_d180048
005 20210722125839.0
010 _aENG-129615
020 _a978-81-88643-76-9
_c450.00
035 _aEN-113147
037 _bDBAD/PUB
082 _a294.59218
100 _aAnirvan
245 _aMandukya Upanisad and Prasna Upanisad/
_cBy Anirvan
260 _aDelhi
_bAkshaya Prakashan
_c2020
270 _a208 M.G. House, 2 Community Centre,
_bWazirpur Industrial Area
_e110052
300 _a132p.
_c22cm(hbk)
942 _2ddc
_cEN
_h294.59218
_mANI